logo

Bir Sreshtho Munshi Abdur Rouf Library
Jhenaidah Cadet College

যে সত্যের মৃত্যু নেই / (Record no. 6376)

MARC details
000 -LEADER
fixed length control field 00825nam a2200229 a 4500
001 - CONTROL NUMBER
JCCL Control Number 6376
003 - CONTROL NUMBER IDENTIFIER
JCCL marc code BD-JhCC
005 - DATE AND TIME OF LATEST TRANSACTION
control field 20180125130239.0
008 - FIXED-LENGTH DATA ELEMENTS--GENERAL INFORMATION
fixed length control field 180122s1987 bg |||| || | 000 0 ben d
035 ## - SYSTEM CONTROL NUMBER
system control number (BD-JhCC)6376
040 ## - CATALOGING SOURCE
Original cataloging agency BD-JhCC
Modifying agency BD-JhCC
041 ## - LANGUAGE CODE
Language code of Book ben
082 ## - DEWEY DECIMAL CLASSIFICATION NUMBER
Classification number 297
Author mark and Year AZA 1987
100 ## - MAIN ENTRY--PERSONAL NAME
Personal name আযাদ, মাওলানা আবুল কালাম
245 ## - TITLE STATEMENT
Title যে সত্যের মৃত্যু নেই /
Statement of responsibility, etc মাওলানা আবুল কালাম আযাদ, আখতার ফারূক (অনুবাদ)
260 ## - PUBLICATION, DISTRIBUTION, ETC. (IMPRINT)
Place of publication, distribution, etc ঢাকা :
Name of publisher, distributor, etc ইসলামিক ফাউন্ডেশন বাংলাদেশ,
Date of publication, distribution, etc 1987
300 ## - PHYSICAL DESCRIPTION
Pagination 363 p. :
Dimensions 24 cm.
650 ## - SUBJECT ADDED ENTRY--TOPICAL TERM
Topical term or geographic name as entry element Islam
700 ## - ADDED ENTRY--PERSONAL NAME
Personal name ফারূক, আখতার
942 ## - ADDED ENTRY ELEMENTS (KOHA)
Source of classification or shelving scheme Dewey Decimal Classification
Koha item type Books
Holdings
Source of classification or shelving scheme Damaged status Not for loan Home library Current library Shelving location Date of accession Cost, normal purchase price Total Checkouts Full call number Barcode Date last seen Copy number Koha item type
Dewey Decimal Classification     JCC Rouf Library JCC Rouf Library General Stacks 01/22/2018 60.00   297 AZA 1987 529 01/22/2018 C-1 Books

JCC Library | Contacts | JCC Home

Last Update on 23 September 2017
Copyright @ 2017-2020 JCC Rouf Library
Rouf Library, Jhenidah Cadet College (JCC), Bangladesh